000 00697nam a2200181Ia 4500
008 100920s9999 xx 000 0 und d
082 _b90718
_a28 व 570580 न 00
100 _aवांगीकर पी.बी.
245 _aबागायती कलमे करून पहा !.
260 _bसाहित्यसेवा प्रकाशन,औरंगाबाद.
_c2000
300 _a39
_bसाधी
365 _b30
520 _aबा.वि.शाऊ.
630 _aबागायती कलमे करून पहा !.
650 _aबा.वि.शाऊ.
730 _aबागायती कलमे करून पहा !.
942 _cBOOK
999 _c731201
_d731198